El obrero de Maguncia (Record no. 161684)

MARC details
000 -LEADER
campo de control de longitud fija 00746nam a2200193 i 4500
001 - NÚMERO DE CONTROL
campo de control 161684
003 - IDENTIFICADOR DE NÚMERO DE CONTROL
campo de control ES-MaACL
005 - FECHA Y HORA DE LA ÚLTIMA TRANSACCIÓN
campo de control 20251116063110.0
008 - DATOS DE LONGITUD FIJA--INFORMACIÓN GENERAL
campo de control de longitud fija 041025s1882 pr |||| | spa d
040 ## - FUENTE DE CATALOGACIÓN
Centro catalogador/agencia de origen CAM
Lengua de catalogación spa
Centro/agencia transcriptor CAM
100 1# - ENTRADA PRINCIPAL--NOMBRE DE PERSONA
Nombre de persona Peñaranda Carlos,
Fechas asociadas al nombre 1848-1908
9 (RLIN) 131101
245 13 - MENCIÓN DEL TÍTULO
Título El obrero de Maguncia
Resto del título : ensayo dramatico en tres actos y en verso /
Mención de responsabilidad, etc. original de Cárlos Peñaranda.
260 ## - PUBLICACIÓN, DISTRIBUCIÓN, ETC.
Lugar de publicación, distribución, etc. Mayagüez :
Nombre del editor, distribuidor, etc. Fernandez y Gauthier,
Fecha de publicación, distribución, etc. 1882.
300 ## - DESCRIPCIÓN FÍSICA
Extensión 75 p. ;
Dimensiones 21 cm.
500 ## - NOTA GENERAL
Nota general Premiado con medalla de oro en el Certámen literario de la Féria-Exposición de Ponce, verificado el 12 de julio de 1882.
852 ## - LOCALIZACIÓN
Ubicación ES-MaACL
Número de control de estantería T-374-F-4
Nota libre -- Enc. hol.
852 ## - LOCALIZACIÓN
Ubicación ES-MaACL
Número de control de estantería T-373-F-14
Holdings
Estatus retirado Estado de pérdida Estado de daño No para préstamo Colección Biblioteca de origen Biblioteca actual Ubicación en estantería Fecha de adquisición Fuente de adquisición Total de préstamos Signatura topográfica completa Código de barras Visto por última vez Precio de reemplazo Tipo de ítem Koha
        Colección de folletos Biblioteca del Ateneo de Madrid Biblioteca del Ateneo de Madrid Depósito folletos 07/05/2005     T-373-F-14 1201868 23/02/2023 23/02/2023 Folleto
        Colección de folletos Biblioteca del Ateneo de Madrid Biblioteca del Ateneo de Madrid Depósito folletos 17/01/2008     T-374-F-4 1169363 23/02/2023 23/02/2023 Folleto